| 000 | 01428njm a2200301 i 4500 | ||
|---|---|---|---|
| 001 | 4967 | ||
| 003 | ES-MaACL | ||
| 005 | 20250622050150.0 | ||
| 007 | s|r||||||||||| | ||
| 008 | 070905s1984 sp ||| g ||||||||1|nspa d | ||
| 100 | 1 |
_aMorán López, Fernando. _983119 |
|
| 245 | 1 | 4 |
_aLos principios de la política exterior española _h[Grabación sonora] / _cintervienen Fernando Morán López ; presenta César Navarro y José Prat. |
| 260 |
_aMadrid : _bAteneo de Madrid, _c1984. |
||
| 300 |
_a2 discos (CD-DA) (1 h. 34 min. 29 seg.) ; _c12 cm. |
||
| 500 | _aDatos basados en la invitación. | ||
| 500 | _aPreviamente a la conferencia se hace entrega de diplomas y premios de la Sociedad de Estudios Internacionales. | ||
| 518 | _aActo organizado por la Sociedad de Estudios Internacionales en colaboración con el Ateneo de Madrid, grabado en el salón de actos, el 3 de julio de 1984, a las 20:00 h. | ||
| 610 | 0 | 4 |
_aAteneo de Madrid- _xActos culturales- _y1984- _vGrabaciones sonoras _91899 |
| 651 |
_aEspaña- _xPolítica exterior- _y1975-1982. _9171863 |
||
| 700 | 1 |
_aNavarro de Francisco, César, _d1932- _985113 |
|
| 700 | 1 |
_aPrat, José, _d1905-1994 _993665 |
|
| 710 | 2 |
_aAteneo de Madrid. _91875 |
|
| 710 | 2 |
_aSociedad de Estudios Internacionales (Madrid) _96669 |
|
| 852 |
_aES-MaACL _jROT 5/5/1 _95084 _cROT |
||
| 852 |
_aES-MaACL _jROT 5/5/2 _9203675 _cROT |
||
| 942 | _2udc | ||
| 999 |
_c4967 _d4967 |
||